000 00620nam a22002177a 4500
999 _c14591
_d14591
003 AR-CdUCM
008 190423b ||||| |||| 00| 0 spa d
020 _a9788491012320
040 _aMUNICIPALIDAD PROVINCIAL DEL CUSCO
_cBIBLIOTECA MUNICIPAL DEL CUSCO
082 _aPI / 803 /
_bO47
100 _aOlid, Bel
_933430
245 _aLo encontrĂ³ la encontradora /
260 _aBarcelona :
_bCombel,
_c2017.
300 _c21 cm.
_bIlustrado,
650 _aHistoria
_9246
650 _aCuento
_94671
650 _aInfancia
_95236
700 _aSchmid, Emma
_933431
942 _2ddc
_cLIBROS
945 _arah
_d23/04/2019